|
|
แสดงรายละเอียดบรรณานุกรม |
|
|
Brief Record
: Get Marc (ISO 2709)
: E-mail record
: |
|
|
|
| LEADER 00000nam 2200000uu 4500 | |||
| 008 120515s2552||||th 000 0 tha d | |||
| 024 ^a978-611-7058-21-9 | |||
| 060 0 QU145 ก459 2552 | |||
| 100 0 ^aกิติยศ ยศสมบัติ. | |||
| 245 00 ^aผลไม้และธัญพืช:ยาอายุวัฒนะ/^cกิติยศ ยศสมบัติ. | |||
| 260 ^a:กรุงเทพฯ^bฐานบุ๊ค,^c2552. | |||
| 300 ^a214 หน้า:^bภาพประกอบ. | |||
| 650 0 ^aผลไม้--^xแง่โภชนาการ. | |||
| 650 0 ^aธัญพืช--^xแง่โภชนาการ. | |||
| 650 0 ^aพืชเป็นยา. | |||
| 999 ^aใช้งานได้ทุกระบบ | |||
| คุณยังไม่ได้ล็อกอิน คุณสามารถมีกิจกรรมร่วมกับเว็บไซต์ได้ แต่ต้องล็อกอินก่อน :: |
|
| สถานะ | |||||||||
| 1. | หนังสือทั่วไป | QU145 ก459 2552 | On Shelf ขอยืม | ||||||
| [แสดง 1/1 รายการ] | |||||||||
BibComment |
| คอมเมนท์ทรัพยากรรายการนี้ |
|
|